| 000 | 00870nmm a2200337 a 4500 | ||
|---|---|---|---|
| 003 | AR-BaBNM | ||
| 005 | 20251128203721.0 | ||
| 008 | 256119s1948 ||||||||||||||000 | spa|| | ||
| 040 | _cAR-BaBNM | ||
| 100 | 1 |
_aOrwell, George _d1903-1950 |
|
| 245 | 1 | 0 | _aEnsayos crÃticos |
| 260 |
_aBuenos Aires _bEdiciones Sur _c1948 |
||
| 300 | 0 | _a230 p. | |
| 600 | 1 | 4 | _aDickens, Charles |
| 600 | 1 | 4 | _aMcgill, Donald |
| 600 | 1 | 4 | _aKipling, Rudyard |
| 600 | 1 | 4 | _aYeats, William Butler |
| 600 | 1 | 4 | _aDali, Salvador |
| 600 | 1 | 4 | _aKoestler, Arthur |
| 600 | 1 | 4 | _aWodehouse, P.g. |
| 650 | 4 | _aLITERATURA INGLESA | |
| 650 | 4 | _aCRITICA LITERARIA | |
| 650 | 4 | _aLITERATURA CONTEMPORANEA | |
| 650 | 4 | _aESTILO LITERARIO | |
| 650 | 4 | _aARTES PLASTICAS | |
| 650 | 4 | _aHUMOR | |
| 655 | _aLITERATURA | ||
| 700 | 1 |
_aHopenhaym, B.R. _etraductor |
|
| 942 | _cBK | ||
| 998 | _cMARTIN | ||
| 999 |
_c4620 _d4620 |
||